000 02545cam a22005054i 4500
003 PE-LiUPU
005 20250731165527.0
008 150623s r 000 0 d
020 _a8470501143
035 _a(Sirsi) i9788470501142
040 _aPE-LiUPU
_bspa
_cPE-LiUPU
_erda
049 _aPRUA
082 0 4 _a270.9
_bH
_221
100 1 _aBréhier, Lois ,
_eautor.
245 1 3 _aEl nacimiento de Europa.
_n5 /
_cLouis Bréhier y René Aigrain.
264 1 _aValencia, España :
_bEdicep,
_c1974.
300 _a768 páginas :
_bil., fotos ;
_c28 centímetros
336 _atext
_2rdacontent
337 _aunmediated
_2rdamedia
338 _avolume
_2rdacarrier
490 0 _aHistoria de la iglesia ;
_v5
505 0 _aSan Gregorio Magno y su política. -Las relaciones entre Roma y Constantinopla desde el advenimiento de Gregorio Magno hasta la caída de Focas. -La crisis del imperio y la restuaración de Heraclio. -La nueva crisis religiosa, Judíos, monoenergismo, islam. -La"Ekthesis", fin del reinado y sucesión de Heraclio. -La desmembración de las cristiandades orientales y el cisma monotelita. -Los últimos heráclidas.Restablecimiento de la paz. Guerras civiles e invasiones. -El fin del africa cristiana. -La España cristiana. - Inglaterra cristiana y las iglesias célticas. -La iglesia franca bajo los merovingios. -Los papas e Italia desde el año 604 al 757. -La disputa sobre las imagenes hasta el concilio iconoclasta del 754. -La vida de la iglesia bizantina desde Mauricio a ConstantinoV. -El monaquismo occidental . -LOs bienes temporales de las iglesias occidentales.
526 _aSEG44
526 _aSEG26
526 _aP151
526 _aP150
526 _aP149
526 _aP146
526 _aP145
526 _aP126
526 _aP125
526 _aP92
526 _aP75
526 _aP74
526 _aP27
526 _aP15
650 0 4 _aIglesia
_xHistoria
_yEuropa, 1942.
700 1 _aAigrain, René,
_eautor.
942 _2ddc
_cBOOK
949 _aRC 270.9 H 5
_wDEWEY
_c1
_i14167
_d2015-10-5
_lCCODEBUL1
_mBUL
_q2
_r0
_sY
_tBOOK
_u2015-6-24
_xTEOLOGIA
_PP35
_0COMPRA
_o.CIRCNOTE. No olvidar cambiar la fecha de devolución!!!!!!!
_o.STAFF. Colección General
994 _aC0
_bPEPRU
596 _a1
999 _aRC 270.9 H 5
_wDEWEY
_c36471
_i14167
_d36471
_f2021-11-8
_g6
_lCCODEBUL1
_mBUL
_q2
_r1
_sY
_tBOOK
_u2015-6-24
_xTEOLOGIA
_PP35
_0COMPRA
_o.CIRCNOTE. No olvidar cambiar la fecha de devolución!!!!!!!
_o.STAFF. Colección General
980 _81
_gALBERTO SANCHEZ Responsable de Automatización